00466nam a2200193 a 4500001001300000003000900013005001700022008004100039020001000080082001700090100002400107245001100131260003800142300000900180500003500189505001300224650001100237700002400248nice12345678IN_TiNIC20260116012701.0050524s1936 hola grp 000 0 eng  ac10000a297.4bKHA10 aKhan, Hazrat Inayat aGayan. aHollandbN. V Publishing Coc1936 a107p aincludes index and biblioraphy2 aAppendex aSufism1 aKhan, Hazrat Inayat